000 00305nam a22001337a 4500
020 _a0-521-49852
041 _aENG
100 _aFrank H
245 _aStatistics Cancepts And Applications
260 _aPune
_bCaqmbridge Univeristy Press
_c1994
300 _a853
650 _aM. Tech
856 _uM.Tech
999 _c481
_d481